书目信息 |
| 题名: |
水族箱造型与造景设计大全
|
|
| 作者: | 占家智 主编 ;羊茜 编著 | |
| 分册: | ||
| 出版信息: | 北京 中国农业出版社 2008.6 |
|
| 页数: | 121页 | |
| 开本: | 29cm | |
| 丛书名: | ||
| 单 册: | ||
| 中图分类: | S965.8 | |
| 科图分类: | ||
| 主题词: | 水族箱--基本知识 , 水族箱 | |
| 电子资源: | ||
| ISBN: | 978-7-109-12639-8 | |
| 000 | 00937nam0 2200253 45 | |
| 001 | 1354536296 | |
| 005 | 20130510093329.29 | |
| 010 | @a978-7-109-12639-8@dCNY58.00 | |
| 100 | @a20130108d2008 em y0chiy0110 ea | |
| 101 | 0 | @achi |
| 102 | @aCN@b110000 | |
| 105 | @aa z 000yy | |
| 106 | @ar | |
| 200 | 1 | @a水族箱造型与造景设计大全@AShui Zu Xiang Zao Xing Yu Zao Jing She Ji Da Quan@f占家智主编@FZhan Jia Zhi Zhu Bian@g羊茜[等]编著 |
| 210 | @a北京@c中国农业出版社@d2008.6 | |
| 215 | @a121页@c图@d29cm | |
| 330 | @a本书内容包括:水族箱的历史演变与选择、水族箱的四大基础设施与附属设施、家庭水族箱的护理、各款不同水族箱的种类与造型设计、水族箱的造景步骤与欣赏、不同水族箱的别具特色的造景设计等等。 | |
| 606 | 0 | @a水族箱@x基本知识 |
| 606 | 0 | @a水族箱 |
| 690 | @aS965.8@v5 | |
| 701 | 0 | @a占家智@AZhan Jia Zhi@g(水产)@4主编 |
| 702 | 0 | @a羊茜@AYang Qian@4编著 |
| 801 | @aCN@bTANGWEI@c20130109 | |
| 905 | @b0830704-06@dS965.8@e34@f3 | |
| 水族箱造型与造景设计大全/占家智主编/羊茜[等]编著.-北京:中国农业出版社,2008.6 |
| 121页:图;29cm |
| ISBN 978-7-109-12639-8:CNY58.00 |
| 本书内容包括:水族箱的历史演变与选择、水族箱的四大基础设施与附属设施、家庭水族箱的护理、各款不同水族箱的种类与造型设计、水族箱的造景步骤与欣赏、不同水族箱的别具特色的造景设计等等。 |
| ● |
| 相关链接 |
|
|
|
|
正题名:水族箱造型与造景设计大全
索取号:S965.8/34
 
预约/预借
| 序号 | 登录号 | 条形码 | 馆藏地/架位号 | 状态 | 备注 |
| 1 | 0830704 | 208307045 | 第二样本阅览室/ [索取号:S965.8/34] | 在馆 | |
| 2 | 0830705 | 208307054 | 第三借阅区/ [索取号:S965.8/34] | 在馆 | |
| 3 | 0830706 | 208307063 | 第三借阅区/ [索取号:S965.8/34] | 在馆 |